| Поле | Название | Значение |
| |
Тип записи |
a |
| |
Библиографический уровень |
c |
| 001 |
Контрольный номер |
RU/ГПНТБ России/KNIGADB/84(2=411.2)6/К 32-246300877 |
| 005 |
Дата корректировки |
20201206205209.7 |
| 010 |
Индекс ISBN |
__ |
| a |
ISBN |
978-5-4484-0420-7 (в пер.) |
| d |
Цена |
371-10, 2000 экз. |
| 100 |
Данные общей обработки |
__ |
| a |
Данные общей обработки |
19190816d2018 |||y0rusy0189 ca |
| 101 |
Язык документа |
0_ |
| a |
Язык текста |
rus |
| 102 |
Страна публикации |
__ |
| a |
Страна публикации |
RU |
| 102 |
Страна публикации |
__ |
| a |
Страна публикации |
RU |
| 105 |
Кодированные данные (монография) |
__ |
| a |
Кодированные данные (монография) |
#|||||||000zy |
| 200 |
Заглавие и сведения об ответственности |
1_ |
| a |
Заглавие |
Горький дым костров |
| e |
Сведения, относящиеся к заглавию |
повести |
| f |
Первые сведения об ответственности |
Лев Квин |
| b |
Общее обозначение материала |
Текст |
| 210 |
Выходные данные |
__ |
| a |
Место издания |
Москва |
| c |
Издательство |
Вече |
| d |
Дата издания |
2018 |
| 215 |
Физическое описание |
__ |
| a |
Объем |
318, [1] с. |
| d |
Формат |
21 cм |
| 225 |
Серия |
__ |
| a |
Серия |
Сибирский приключенческий роман |
| 327 |
Примечание о содержании |
__ |
| a |
Примечание о содержании |
+35°. Приключения двух друзей в жаркой степи |
| 330 |
Аннотация |
__ |
| a |
Аннотация |
Их было трое - советских немцев, сибиряков. Война, внезапно обрушившаяся на СССР, превратила их в бойцов разведывательно-диверсионных партизанских групп, ведущих беспощадную борьбу с фашизмом. Но судьбы у людей разные… В археологической экспедиции, работающей в предгорьях Алтая, происходит ЧП - пропадает только что найденная золотая гривна. Ее несли подростки, помогающие археологам, однако… Милиция начинает расследование, но и сами виновники случившегося не собираются оставаться в стороне… В книгу признанного мастера отечественной остросюжетной литературы включены произведения, давно и заслуженно пользующиеся любовью читателей. |
| 333 |
Примечание о целевом назначении |
__ |
| a |
Примечание о целевом назначении |
12+. Для детей старше 12 лет |
| 606 |
Тематические рубрики |
__ |
| a |
Основная рубрика |
Художественная литература |
| 606 |
Тематические рубрики |
__ |
| a |
Основная рубрика |
Современная русская литература (произведения) |
| 610 |
Ключевые слова |
__ |
| a |
Ключевые слова |
повести |
| 610 |
Ключевые слова |
__ |
| a |
Ключевые слова |
приключения |
| 610 |
Ключевые слова |
__ |
| a |
Ключевые слова |
тема приключений |
| 610 |
Ключевые слова |
__ |
| a |
Ключевые слова |
тема войны |
| 610 |
Ключевые слова |
__ |
| a |
Ключевые слова |
тема археологов |
| 610 |
Ключевые слова |
__ |
| a |
Ключевые слова |
тема прошлого |
| 610 |
Ключевые слова |
__ |
| a |
Ключевые слова |
остросюжетные повести |
| 610 |
Ключевые слова |
__ |
| a |
Ключевые слова |
проза |
| 610 |
Ключевые слова |
__ |
| a |
Ключевые слова |
тема расследований |
| 686 |
Индексы других классификаций |
__ |
| 2 |
Код системы |
rubbks |
| a |
Классификационный индекс |
84(2=411.2)6-4; ст84(2=411.2)6-4 |
| 700 |
Автор |
_1 |
| a |
Фамилия |
Квин |
| b |
Имя |
Л. И. |
| g |
Полное личное имя |
Лев Израилевич |
| 4 |
Код отношения |
070 |
| 801 |
Источник записи |
_0 |
| a |
Страна |
RU |
| b |
Организация |
ГПНТБ России |
| c |
Дата составления |
20190816 |
| g |
Правила каталогизации |
PSBO |
| 801 |
Источник записи |
_2 |
| a |
Страна |
RU |
| b |
Организация |
Муниципальное бюджетное учреждение культуры "Централизованная библиотечная система" г. Сургут (Центральная городская библиотека им. А. С. Пушкина) |
| c |
Дата составления |
20190816 |
| 852 |
Данные о местонахождении |
__ |
| j |
Шифр хранения |
84(2=411.2)6-4 |
| i |
Авторский знак |
К 32 |
| 901 |
Тип документа |
__ |
| a |
Ответственный |
ООФиК/Волкова |
| t |
Тип документа |
x |
| 903 |
Характеристики (МАРС) |
__ |
| a |
Дата передачи |
20190912 |
| 990 |
Данные о заказе (DOS) |
__ |
| j |
Количество экземпляров (DOS) |
2 |
| t |
N записи в КСУ для И/У (DOS) |
201909 |